Statistics for Can You Name All Six Flags and Cedar Fair Parks?

Click here to take the quiz!

General Stats

  • This quiz has been taken 112 times
  • The average score is 17 of 26

Answer Stats

CompanyPark% Correct
Cedar FairCedar Point
91%
Six FlagsSix Flags Over Texas
87%
Cedar FairCarowinds
82%
Cedar FairKings Dominion
81%
Cedar FairKings Island
81%
Six FlagsSix Flags Fiesta Texas
81%
Six FlagsSix Flags Great Adventure
81%
Six FlagsSix Flags Great America
81%
Six FlagsSix Flags Magic Mountain
81%
Six FlagsSix Flags Over Georgia
81%
Cedar FairKnott's Berry Farm
78%
Cedar FairCalifornia's Great America
69%
Six FlagsSix Flags America
69%
Cedar FairCanada's Wonderland
67%
Cedar FairDorney Park
64%
Six FlagsSix Flags Discovery Kingdom
63%
Cedar FairWorlds of Fun
61%
Cedar FairMichigan's Adventure
60%
Six FlagsSix Flags St. Louis
60%
Cedar FairValleyfair
60%
Six FlagsLa Ronde
54%
Six FlagsSix Flags Mexico
54%
Six FlagsThe Great Escape
49%
Six FlagsSix Flags Darien Lake
39%
Six FlagsFrontier City
37%
Cedar FairGilroy Gardens
25%

Score Distribution

Percentile by Number Answered

Percent of People with Each Score

Your Score History

You have not taken this quiz